Las mujeres más importantes en la historia de Latinoamérica diplomová práca

Na minha lista:
Detalhes bibliográficos
Autor principal: Harmanová, Kristína
Autor Corporativo: Fakulta aplikovaných jazykov EU v Bratislave. Katedra románskych a slovanských jazykov
Outros Autores: Maarová, Iveta
Formato: Livro
Idioma:espanhol
Publicado em: Bratislava 2018
Tags: Adicionar Tag
Sem tags, seja o primeiro a adicionar uma tag!

MARC

LEADER 00000nbm a2200000 4500
001 0244029
005 20181011145124.4
041 0 |a spa 
044 |a SK 
245 1 0 |a Las mujeres más importantes en la historia de Latinoamérica  |b diplomová práca  |c Kristína Harmanová ; školiteľ: Iveta Maarová 
264 1 |a Bratislava  |c 2018 
300 |a 79 s. 
100 1 |a Harmanová, Kristína 
700 1 |a Maarová, Iveta 
710 2 |a Fakulta aplikovaných jazykov EU v Bratislave. Katedra románskych a slovanských jazykov